Loading...

Kazhchakal Kazhchappadukal

Bibliographic Details
Main Author: T T Thomas
Format: eBook
Language:Undetermined
Published: Kottayam DC Books
Subjects:
LEADER 00386nam a2200133Ia 4500
008 161116s9999 xx 000 0 und d
100 |a T T Thomas 
245 |a Kazhchakal Kazhchappadukal 
260 |b DC Books  |a Kottayam 
650 |a Articles 
650 |a Literature & Fiction 
942 |c EB 
999 |c 118776  |d 118776 
952 |0 0  |1 0  |4 0  |7 0  |9 115533  |a MGUL  |b MGUL  |d 2016-11-16  |l 0  |r 2016-11-16  |w 2016-11-16  |y EB